[Event "Reunion op 17th"]
[Site "St Denis"]
[Date "2015.10.10"]
[Round "9"]
[White "Semrau, Christoph"]
[Black "Laoussing, Mathis"]
[Result "1-0"]
[WhiteElo "1399"]
[BlackElo "1270"]
[PlyCount "49"]
[EventDate "2015.10.10"]
[EventType "swiss"]
[EventRounds "9"]
[EventCountry "RUF"]
[SourceTitle "CBM 168 Extra"]
[Source "ChessBase"]
[SourceDate "2015.10.29"]
[SourceVersion "1"]
[SourceVersionDate "2015.10.29"]
[SourceQuality "1"]

1. d4 Nf6 2. Nf3 g6 3. Bf4 d6 4. h3 d5 5. Nc3 Nc6 6. e3 Bg7 7. Nb5 e5 8. dxe5 Nh5 9. Bh2 a6 10. Nc3 Bf8 11. Nxd5 Be6 12. Nc3 Bb4 13. a3 Bc5 14. Be2 Qc8 15. g4 Ng7 16. Ng5 Bd7 17. Qd5 Ne6 18. Nxe6 Bxe6 19. Qxc5 Ne7 20. 0-0-0 b6 21. Qd4 0-0 22. Bf3 c5 23. Qf4 Rb8 24. Qf6 Nc6 25. Bf4 1-0